| 000 | 02351cam a2200313 a 4500 | ||
|---|---|---|---|
| 005 | 20260322212043.0 | ||
| 008 | data | ||
| 010 | _a 2009019233 | ||
| 015 |
_aGBA997269 _2bnb |
||
| 016 | 7 |
_a015385829 _2Uk |
|
| 020 | _a9781582975771 (pbk. : alk. paper) | ||
| 020 | _a1582975779 (pbk. : alk. paper) | ||
| 040 |
_aDLC _cDLC _dDLC _dBWX _dQBX _dYDXCP _dUKM _dCRH _dDLC |
||
| 050 | 0 | 0 |
_aMT67 _b.P383 2009 |
| 082 | 0 | 0 |
_a782.42164/0268 _222 |
| 092 | _a782.42 P383 2009 | ||
| 100 | 1 | _aPattison, Pat. | |
| 245 | 1 | 0 |
_aWriting better lyrics : _bthe essential guide to powerful songwriting / _cPat Pattison. |
| 250 | _a2nd ed. | ||
| 260 |
_aCincinnati : _bWriter's Digest Books, _cc2009. |
||
| 300 |
_avi, 298 p. : _bmusic ; _c22 cm. |
||
| 504 | _aIncludes bibliographical references (p. 292-293) and index. | ||
| 505 | 0 | _aForeword / Gillian Welch -- Introduction -- 1. Object writing : the art of the diver -- 2. Rusty's collar : a lesson in showing and telling -- 3. Making metaphors -- 4. Learning to say no : building worksheets -- 5. Clichés : the sleeping puppy (a case study) -- 6. Productive repetition -- 7. Verse development and power positions -- 8. Travelogues : verse continuity -- 9. Stripping your repetition for repainting -- 10. Perspectives -- 11. Point of view : second person and the hangman -- 12. Point of view : second person as narrative -- 13. Dialogue and point of view -- 14. Meter : something in common -- 15. Spotlighting with common meter -- 16. Meter : two by two -- 17. Managing couplets -- 18. Prosody : structure as film score -- 19. Understanding motion -- 20. Form follows function : building the perfect beast -- 21. The great balancing act : courting danger on the high wire -- 22. Song forms : (im) potent packages -- 23. Song forms : (im) potent packages II -- 24. Process -- Appendix. Co-writing : the "no"-free zone -- Permissions -- Index. | |
| 650 | 0 | _aLyric writing (Popular music) | |
| 906 |
_a7 _bcbc _corignew _d1 _eecip _f20 _gy-gencatlg |
||
| 925 | 0 |
_aacquire _b2 shelf copies _xpolicy default _eclaim2 2010-09-10 _eclaim2 2010-09-10 |
|
| 955 |
_evl39 2010-10-14 to BCCD _fvl34 2010-10-08 Z-CipVer MCIP to Music _evl39 2010-10-14 to BCCD _tvk05 2010-11-17 to Music Division copy 2 |
||
| 001 | data | ||
| 999 |
_c1015 _d1015 |
||